La sociedad despolitizada: ensayo sobre los fundamentos de la política

Uloženo v:
Podrobná bibliografie
Hlavní autor: Tenzer, Nicolás (Autor)
Médium: Kniha
Jazyk:španělština
Vydáno: Buenos Aires Paidos 1991
Edice:Estado y Sociedad, 7
Témata:
Tagy: Přidat tag
Žádné tagy, Buďte první, kdo vytvoří štítek k tomuto záznamu!

MARC

LEADER 00000nam a2200000 a 4500
001 UCY2800
003 CL-VaPUC
008 941121e19910000AG |||||||||||||||||spa|d
082 0 4 |a 320.01  |b TEN  |2 21 
100 0 |a Tenzer, Nicolás  |e author  |9 330935 
245 1 3 |a La sociedad despolitizada: ensayo sobre los fundamentos de la política 
300 |a 356 p 
942 |c BK 
945 |d 19941121 00:00:00  |a rbrito 
260 |a Buenos Aires  |b Paidos  |c 1991 
650 0 |a Sociedad  |9 307903 
650 0 |a Aspectos políticos   |9 257400 
650 7 |a FILOSOFIA POLITICA  |2 CL-VaPUC  |9 330936 
583 |a last modification  |c 20121001 12:40:49  |k Rodrigo Vera 
490 0 |a Estado y Sociedad, 7 
999 |c 231118  |d 231116 
952 |0 0  |1 0  |4 0  |6 320_010000000000000_TEN_1991  |7 0  |8 A  |9 233953  |a BIBHIS  |b BIBHIS  |d 2019-11-15  |i 3036383  |o 320.01 TEN 1991  |p 3036383  |r 2025-01-20  |w 2019-11-15  |y BK  |k HIS